History of Nike - Statistics

General Stats
  • This quiz has been taken 89 times
  • The average score is 9 of 30
Answer Stats
Hint Answer % Correct
Co-founder 1, worked on the business end Phil Knight
76%
What is Nike's slogan Just Do It
72%
Nike athlete who separated and created their own brand, still manufactured through Nike Michael Jordan
72%
This athlete is currently signed with Nike, and was the first active athlete to become a billionaire, followed by Tiger Woods (also a Nike athlete) LeBron James
54%
The LeBron signature shoe line is the longest signature shoe line for an active player, how many models have been made? 20
47%
Nike's headquarters are in what town in Oregon? Beaverton
44%
Nike is the greek god(des) of what? Victory
41%
What year was Nike founded? 1964
38%
Nike's original store name Blue Ribbon Sports
38%
The country that Co-founder 1's previous employer was based out of Japan
35%
One of Nike's longest running models, on the 39th edition as of 2022 Pegasus
34%
Nike's first athlete / wear tester Steve Prefontaine
34%
Co-founder 2, Oregon track coach Bill Bowerman
32%
Distance running shoe designed by Co-founder 2 for the 1972 Olympics Cortez
31%
What cooking tool did Co-founder 2 use to create traction on racing shoes? Waffle Iron
31%
The original name for the Nike Vaporfly Next% Vaporfly 5%
29%
The shoe company that Co-founder 1 originally worked for Onitsuka Tiger
28%
Louis Vuitton creative director who collaborated with Nike on many models, passed away in November of 2021 Virgil Abloh
24%
The name of Nike's revolutionary foam, used in racing and training shoes ZoomX
22%
Name of Nike shoe designed specifically for Eliud Kipchoge, the most commonly worn shoe in Marathons in the year of 2021 Alphafly Next%
18%
Nike was the first brand to use this, which made shoes stiffer and more efficient for marathon racing Carbon Fiber Plate
16%
The original name of the Cortez, named after the 1968 Olympics Mexico
16%
Nike employee #1 Jeff Johnson
15%
What was the place called where many original Nike artifacts (tools/equipment and prototype footwear) were found buried under ground? The Pit
7%
Location of one of Nike's first factories in the USA, experimented with different colors and materials Exeter, New Hampshire
6%
The predecessor to the Nike Vaporfly 4% of 2016 Mayfly 3%
6%
Eliud Kipchoge had serious problems in this Nike shoe, where the insoles came all the way out of the shoe during his race. He still won the race. What shoe was it? Streak 6
6%
Nike revenue 2021 $44.5B
4%
The Nike shoe from this race violated rules set by World Athletics pertaining to amount of carbon fiber plates, amount of fluid filled sacs, and midsole stack height (forefoot and heel) Ineos 1:59 Challenge
4%
An original member of the Nike sponsored Oregon track team, has a record of all things Nike related from his experiences, including a deticated museum Mark Cullen
3%
No matching quizzes found
Score Distribution
Percent of People with Each Score
Percentile by Number Answered
Your Score History
You have not taken this quiz